Representation theory and automorphic functions /
Guardado en:
| Autor Principal: | |
|---|---|
| Otros Autores: | , |
| Formato: | Libro |
| Idioma: | English Russian |
| Publicado: |
Philadelphia :
W. B. Saunders,
c1969.
|
| Series: | Saunders mathematics books
|
| Etiquetas: |
Agregar Etiqueta
Sin Etiquetas, Sea el primero en etiquetar este registro!
|
| LEADER | 01066cam a22002415a 4500 | ||
|---|---|---|---|
| 001 | MAT.inmabb002168 | ||
| 008 | 690423s1969####paua##########001#0#eng#d | ||
| 005 | 20180611164625.0 | ||
| 245 | 1 | 0 | |a Representation theory and automorphic functions / |c I. M. Gel´fand, M. I. Graev, I. I. Pyatetskii-Shapiro ; translated from the Russian by K. A. Hirsch. |
| 260 | |a Philadelphia : |b W. B. Saunders, |c c1969. | ||
| 300 | |a xvi, 426 p. ; |c 24 cm. | ||
| 490 | 0 | |a Saunders mathematics books | |
| 500 | |a Traducción de: Teoriia predstavlenii i avtomorfnye funktsii, publicado en 1966 como v. 6 de: Obobshchennye funktsii. | ||
| 504 | |a Bibliografía: p. 417-420. | ||
| 510 | 4 | |a MR, |c 36 #3725 |3 (para la ed. original en ruso) | |
| 100 | 1 | |a Gel´fand, I. M. |q (Izrail´ Moiseevich) | |
| 240 | 1 | 0 | |a Teoriia predstavlenii i avtomorfnye funktsii. |l English |
| 700 | 1 | |a Graev, M. I. |q (Mark Iosifovich) | |
| 700 | 2 | |a Piatetskii-Shapiro, I. I. |q (Il´ia Iosifovich), |d 1929- | |
| 084 | |a 10.20 (22.00) |2 MR | ||
| 010 | |a 68026337 | ||
| 041 | 1 | |a eng |h rus | |
| 859 | |h 22 |i G316 |p A-3831 |b BIB. MATEMATICA | ||
